000 00808nam a2200265Ia 4500
003 OSt
005 20221005063759.0
006 a|||||r|||| 00| 0
007 ta
008 221004b |||||||| |||| 00| 0 eng d
020 _a9789352808113 (hbk)
_cINR 1050.00
024 _a44803
037 _b218, 05/03/2019, Classic Book Service
_cTextual
040 _aCRL
_cCRL
_beng
041 _2eng
_aeng
082 _aW,8, Q9
100 _aRao N.Bhaskara Au.
_9603145
245 0 _aSustainable good governance, development and democracy
260 _aLos
_bAngeles Sage UK
_c2019
300 _axix,284p.
_ccm.
650 _a PUBLIC ADMINISTRATION
650 _aDEMOCRACY
942 _hW,8, Q9
_cTEXL
_2cc
999 _c971951
_d971951